LDR 00721naa#a2200181#i#450# 001 EN\\bibl\122966 005 20260513032615.3 011 ## _a2409-1073 100 ## _a20230920b2023####ek#y0engy0150####ca 102 ## _aRU 200 1# _aDevelopment of the competency profile of marketers demanded by employers _eJournal article 210 1# _aMoscow _cNational Research University of Electronic Technology _d2023 215 ## _a0 с. 608 ## _aJournal article _2local 675 ## _aСпрос и предложение на рынке труда. Потенциал рабочих мест. Потенциал рабочей силы. 331.522 _z 700 #1 _aIgrunova _gOksana Mihaylovna 700 #1 _aSuchkova _gAlina Yu. 856 4# _aesgi-journal.ru _u